000 00711nam a22002177a 4500
999 _c7833
_d7833
003 AR-CdUCM
008 190321b ||||| |||| 00| 0 spa d
040 _aMUNICIPALIDAD PROVINCIAL DEL CUSCO
_cBIBLIOTECA MUNICIPAL DEL CUSCO
082 _aC / 779.390 /
_bV49
_22ed
100 _aVerger, Pierre
_922150
245 _aFiestas y danzas en el Cuzco y en los Andes /
260 _aBuenos Aires :
_bSudamerica,
_c1951.
300 _a199 páginas ;
_bfotografías,
_c25 cm.
505 _aContenido: Fotografías de Puno, Cusco y los Andes
650 _aDanzas
_914459
650 _aCostumbres
_9230
650 _aFotografías
_922151
650 _aArte documental
_922152
942 _2ddc
_cLIBROS
945 _araen